Campeche : bibliografía comentada /

Guardado en:
Detalles Bibliográficos
Autor principal: Negrín, Alejandro (autor)
Formato: Libro
Idioma:Español
Publicado: México : Instituto Mora, 1990, c1990
Colección:(Fuentes)
Temas:
Etiquetas: Agrega una etiqueta
Sin etiquetas, Sé el primero en etiquetar este registro!

MARC

LEADER 00000nam^a2200000^a^4500
001 000063662
005 20250521000000.0
009 20260310091036.146
020 |a 968-6382-22-4 
037 |a Acervo ITESO - Biblioteca 
041 |a ESP 
082 |a 972. 64  |b NEG 
100 |a Negrín, Alejandro  |e (autor) 
245 1 0 |a Campeche :  |b bibliografía comentada /  |c A. Negrín. 
264 4 |a México :  |b Instituto Mora,  |c 1990, c1990 
300 |a 77 p. 
336 |a texto  |b txt  |2 rdacontenido 
337 |a sin mediación  |b n  |2 rdamedio 
338 |a volumen  |b nc  |2 rdasoporte 
440 1 |a (Fuentes) 
649 |a XX 
650 |a Campeche -  |x Historia -  |x Bibliografías 
650 |a Campeche -  |x Historia -  |x Documentos 
910 |a Fondo General 
920 |a Impresos - Libros 
930 |a Obras de Referencia 
905 |a 102 
901 |a 0500017277  |b IT2  |c REF  |u 20250521 
902 |a https://opac.biblio.iteso.mx/vufind/Record/000063662